000 00402nam a2200145Ia 4500
005 20260326235445.0
008 260326s9999||||xx |||||||||||||| ||und||
100 _aBoza Díaz, Cristián
245 0 _aSergio Larrain Gm :
_b La vanguardia como propósito /
_cCristián Boza Díaz
260 _bEscala
300 _a200 p.
440 _aCOLECCIÓN SOMOSUR - TOMO 9
650 _aARQUITECTOS
942 _cBK
999 _c7555
_d7555